| 000 | 00463nam a2200121Ia 4500 | ||
|---|---|---|---|
| 008 | 171212s9999 xx 000 0 und d | ||
| 020 | _a9780833092496 | ||
| 100 | _aHarold, Scott Warren;Libicki, Martin C.;Cevallos, Astrid Stuth | ||
| 245 |
_cHarold, Scott Warren;Libicki, Martin C.;Cevallos, Astrid Stuth _aGetting to Yes with China in Cyberspace |
||
| 260 |
_bRAND Corporation _c2016 |
||
| 650 | _aHistory | ||
| 856 | _uhttp://jstor.org/stable/10.7249/j.ctt1cx3vfr | ||
| 999 |
_c352120 _d352120 |
||